[Event "European Women Championship-2011"]
[Site "?"]
[Date "2011.05.08"]
[Round "2"]
[White "Rizhamadze Patman"]
[Black "Matveeva Svetlana"]
[Result "1/2-1/2"]
[WhiteElo "2052"]
[BlackElo "2380"]
[PlyCount "63"]
[EventDate "2011.05.08"]
[SourceDate "2011.05.08"]

1. d4 d5 2. Nf3 e6 3. c4 dxc4 4. Qa4+ c6 5. Qxc4 b5 6. Qc2 Bb7 7. Nbd2 Nd7 8.
Ne4 Ngf6 9. Nxf6+ Nxf6 10. a3 Qb6 11. e3 Be7 12. Bd2 c5 13. dxc5 Bxc5 14. b4
Bd6 15. Bc3 a6 16. Qb2 Qd8 17. Be2 Qe7 18. O-O O-O 19. a4 bxa4 20. Rxa4 Rfc8
21. Bd4 Ne8 22. Rfa1 f6 23. b5 axb5 24. Rxa8 Bxa8 25. Qxb5 Nc7 26. Qb3 Bd5 27.
Bc4 Qe8 28. Bxd5 Nxd5 29. g3 Rb8 30. Qc4 Rc8 31. Qb3 Rb8 32. Qc4 1/2-1/2

[Event "European Women Championship-2011"]
[Site "?"]
[Date "2011.05.08"]
[Round "2"]
[White "Kobeshavidze Lika"]
[Black "Aginian Nelly"]
[Result "0-1"]
[WhiteElo "1988"]
[BlackElo "2284"]
[PlyCount "50"]
[EventDate "2011.05.08"]
[SourceDate "2011.05.08"]

1. e4 e6 2. d4 d5 3. exd5 exd5 4. Bd3 c5 5. c3 Nf6 6. Bg5 Be7 7. Bxf6 Bxf6 8.
Qe2+ Be6 9. dxc5 Nd7 10. Nh3 O-O 11. O-O Nxc5 12. Bc2 Qd6 13. Nd2 g6 14. Qf3
Be5 15. Rad1 Bxh2+ 16. Kh1 Qc7 17. Rfe1 Rae8 18. Nf1 Bd6 19. Ne3 Ne4 20. c4 f5
21. cxd5 Bd7 22. Bb3 Bb5 23. Rc1 Qg7 24. Kg1 Qh6 25. Red1 Ng5 0-1

[Event "European Women Championship-2011"]
[Site "?"]
[Date "2011.05.08"]
[Round "2"]
[White "Bulmaga Irina"]
[Black "Jalabadze Natia"]
[Result "1-0"]
[WhiteElo "2284"]
[BlackElo "2052"]
[PlyCount "59"]
[EventDate "2011.05.08"]
[SourceDate "2011.05.08"]

1. e4 c5 2. Nf3 Nf6 3. e5 Nd5 4. Nc3 Nxc3 5. dxc3 e6 6. Bf4 Nc6 7. Qd2 b6 8.
Bd3 Bb7 9. O-O-O h6 10. h4 Qc7 11. Be4 O-O-O 12. h5 Na5 13. Qe2 Bxe4 14. Qxe4
Nb7 15. c4 Qc6 16. Qxc6+ dxc6 17. Rxd8+ Kxd8 18. Rh3 g5 19. hxg6 fxg6 20. Bg5+
Ke8 21. Bf6 Rg8 22. Nd2 h5 23. Ne4 Be7 24. g4 Na5 25. b3 b5 26. gxh5 gxh5 27.
Rxh5 Bf8 28. Rh7 Rg1+ 29. Kb2 bxc4 30. Nd6+ 1-0

[Event "European Women Championship-2011"]
[Site "?"]
[Date "2011.05.08"]
[Round "2"]
[White "Nikoladze, Sopio"]
[Black "Edes, Zsofia"]
[Result "1-0"]
[WhiteElo "2278"]
[BlackElo "2043"]
[PlyCount "53"]
[EventDate "2011.05.08"]
[SourceDate "2011.05.08"]

1. d4 Nf6 2. Nf3 d5 3. e3 c6 4. Bd3 e6 5. Nbd2 Be7 6. O-O O-O 7. b3 c5 8. Bb2
Nc6 9. Ne5 cxd4 10. exd4 Nb4 11. Be2 Qc7 12. a3 Nc6 13. Bd3 Bd6 14. Re1 a5 15.
Qf3 b6 16. Qh3 g6 17. Ndf3 Ne7 18. Bc1 Nf5 19. Bg5 Be7 20. g4 Nd6 21. Qh4 Nde8
22. Bb5 Kg7 23. Bh6+ Kg8 24. Bxf8 Kxf8 25. Ng5 Nd6 26. Bc6 Nfe4 27. Qh6+ 1-0

[Event "European Women Championship-2011"]
[Site "?"]
[Date "2011.05.08"]
[Round "2"]
[White "Kazimova Narmin, Nizami Qizi"]
[Black "Boyard, Marie"]
[Result "1-0"]
[WhiteElo "2262"]
[BlackElo "1989"]
[PlyCount "45"]
[EventDate "2011.05.08"]
[SourceDate "2011.05.08"]

1. d4 d5 2. c4 Nf6 3. Nc3 dxc4 4. e4 e5 5. d5 a6 6. a4 Bc5 7. Bxc4 Ng4 8. Nh3
O-O 9. O-O Qd6 10. Kh1 Kh8 11. Qe2 f5 12. exf5 Bxf5 13. f3 Nf6 14. Ng5 Nbd7 15.
Nce4 Bxe4 16. fxe4 Nb6 17. Bb3 Ng4 18. Nf7+ Rxf7 19. Rxf7 Nf6 20. Bg5 Nbd7 21.
Rf1 Bb6 22. Bxf6 Nxf6 23. R1xf6 1-0

[Event "European Women Championship-2011"]
[Site "?"]
[Date "2011.05.08"]
[Round "2"]
[White "Unapkoshvili, Nani"]
[Black "Ozturk, Kubra"]
[Result "0-1"]
[WhiteElo "1970"]
[BlackElo "2262"]
[PlyCount "128"]
[EventDate "2011.05.08"]
[SourceDate "2011.05.08"]

1. d4 d5 2. g3 Nf6 3. Bg2 c6 4. Nf3 Bg4 5. c4 e6 6. O-O Be7 7. Qb3 Qb6 8. c5
Qxb3 9. axb3 Nbd7 10. Nc3 O-O 11. b4 a6 12. Bf4 Ne4 13. h3 Bh5 14. g4 Bg6 15.
Ne5 Nxe5 16. Nxe4 dxe4 17. Bxe5 f6 18. Bf4 f5 19. e3 Bf7 20. g5 Bh5 21. Rfe1
Kf7 22. h4 h6 23. gxh6 gxh6 24. Bg3 Rg8 25. Kh2 Bf6 26. Rg1 Bg4 27. Rh1 Rae8
28. Bf1 Bf3 29. Rg1 Rg4 30. Bh3 Rg7 31. Rac1 Be2 32. Rc2 Bd3 33. Rd2 Reg8 34.
Rdd1 Be2 35. Rd2 Bg4 36. Bf1 Bf3 37. Bh3 Bg4 38. Bf1 Kg6 39. Bc4 Re8 40. Rh1
Kh5 41. Kg1 Bf3 42. Rh3 e5 43. dxe5 Bxe5 44. Kh2 Bg4 45. Bxe5 Rxe5 46. Rg3 Kxh4
47. Rd4 a5 48. Rd6 axb4 49. Rxh6+ Kg5 50. Rd6 Rxc5 51. b3 f4 52. exf4+ Kxf4 53.
Rh6 Rcg5 54. Rh8 Bf3 55. Rh4+ Ke5 56. Rhh3 Rxg3 57. Rxg3 Rh7+ 58. Rh3 Rxh3+ 59.
Kxh3 b5 60. Bf7 c5 61. Kh4 Kd4 62. Kg5 c4 63. bxc4 bxc4 64. Kf4 b3 0-1

[Event "European Women Championship-2011"]
[Site "?"]
[Date "2011.05.08"]
[Round "2"]
[White "Olsarova, Tereza"]
[Black "Kuchava, Ana"]
[Result "1-0"]
[WhiteElo "2234"]
[BlackElo "1973"]
[PlyCount "91"]
[EventDate "2011.05.08"]
[SourceDate "2011.05.08"]

1. e4 c5 2. Nf3 d6 3. d4 cxd4 4. Nxd4 Nf6 5. Nc3 Nc6 6. h3 g6 7. g4 Bg7 8. Be3
O-O 9. Bg2 Ne5 10. Qe2 Qc7 11. O-O Qc4 12. Qe1 Nc6 13. Rd1 Ne8 14. Nde2 Qb4 15.
Qd2 Qxb2 16. a3 d5 17. exd5 Ne5 18. Bc5 Nc4 19. Qd3 Ne5 20. Qg3 Nd6 21. Nd4 Bh6
22. Rb1 Bf4 23. Rxb2 Bxg3 24. fxg3 Nec4 25. Ra2 Bd7 26. Re1 Rfe8 27. Ne4 Nxe4
28. Rxe4 Nd6 29. Bxd6 exd6 30. c4 Rxe4 31. Bxe4 Rc8 32. Bd3 Rc5 33. Rb2 b6 34.
Nb5 Bxb5 35. Rxb5 Rc7 36. Rb2 Rc5 37. a4 Kg7 38. Re2 Rc7 39. Re8 Kf6 40. Kf2
Rd7 41. Ke3 h6 42. h4 Kg7 43. Kd4 f6 44. h5 g5 45. Bf5 Rc7 46. Rd8 1-0

[Event "European Women Championship-2011"]
[Site "?"]
[Date "2011.05.08"]
[Round "2"]
[White "Fakhiridou, Ekaterini"]
[Black "Mammadova Aysel, Alishiraz Qizi"]
[Result "1/2-1/2"]
[WhiteElo "2225"]
[BlackElo "1964"]
[PlyCount "78"]
[EventDate "2011.05.08"]
[SourceDate "2011.05.08"]

1. e4 e5 2. Nf3 Nc6 3. Nc3 Bc5 4. Bb5 Nf6 5. O-O O-O 6. d3 d6 7. Bg5 Bg4 8.
Bxc6 bxc6 9. h3 Bh5 10. g4 Bg6 11. Na4 Bb6 12. Nxb6 cxb6 13. Qd2 d5 14. Nxe5
dxe4 15. Nxg6 fxg6 16. dxe4 Qxd2 17. Bxd2 Nxe4 18. Be3 Rad8 19. Rfd1 Kf7 20. a4
c5 21. a5 Rxd1+ 22. Rxd1 Ke6 23. Ra1 Nd6 24. b3 Kd5 25. axb6 axb6 26. Ra7 Rf7
27. Ra8 h6 28. Kg2 Kc6 29. c4 Kb7 30. Ra1 Kc6 31. f3 g5 32. Bd2 Re7 33. Kf2 Nf7
34. Bc3 Nd8 35. Rd1 Nb7 36. Ra1 Nd6 37. Ra8 Nf7 38. Rf8 b5 39. cxb5+ Kxb5
1/2-1/2

[Event "European Women Championship-2011"]
[Site "?"]
[Date "2011.05.08"]
[Round "2"]
[White "Imnadze, Nato"]
[Black "Foisor Mihaela, Veronica"]
[Result "1-0"]
[WhiteElo "1962"]
[BlackElo "2220"]
[PlyCount "139"]
[EventDate "2011.05.08"]
[SourceDate "2011.05.08"]

1. e4 e6 2. d3 d5 3. Nd2 c5 4. Ngf3 Nc6 5. g3 Bd6 6. Bg2 Nge7 7. O-O O-O 8. Re1
Qc7 9. Qe2 f6 10. Nf1 d4 11. c4 a6 12. b3 b5 13. N3d2 e5 14. Bb2 Rb8 15. Rec1
Be6 16. Ba3 Na7 17. cxb5 Nxb5 18. Bb2 Nc6 19. Nc4 Be7 20. Nfd2 Rfc8 21. Qf1 Nd6
22. Bh3 Qd7 23. Bxe6+ Qxe6 24. Nxd6 Bxd6 25. Nc4 Be7 26. Qe2 Nb4 27. Ba3 Bf8
28. Rf1 Re8 29. Rae1 Rb7 30. Kg2 g6 31. Qd2 h5 32. h4 Kh7 33. Bc1 Bg7 34. Qe2
Rd7 35. f4 Qg4 36. Rf3 exf4 37. Bxf4 Re6 38. Qd2 Rc6 39. e5 Nd5 40. exf6 Bxf6
41. Be5 Ra7 42. Ref1 Bxe5 43. Nxe5 Ne3+ 44. Qxe3 dxe3 45. Nxg4 hxg4 46. Rxe3
Rd7 47. Kf2 Kg7 48. Ke2 Rf6 49. Rxf6 Kxf6 50. Re4 Kf5 51. Rf4+ Ke5 52. Rxg4 Rd6
53. Ke3 Kf6 54. Re4 Rd8 55. Kd2 Kf5 56. Kc3 Rd7 57. g4+ Kf6 58. Ra4 Rd6 59. Ra5
Rc6 60. Kc4 Re6 61. Rxc5 Ke7 62. Kd5 Re3 63. d4 Rg3 64. g5 Rg4 65. Rc7+ Kf8 66.
Ke6 Rxh4 67. d5 Rh2 68. d6 Kg8 69. Kf6 Rxa2 70. Kxg6 1-0

[Event "European Women Championship-2011"]
[Site "?"]
[Date "2011.05.08"]
[Round "2"]
[White "Yildiz Betul, Cemre"]
[Black "Asgarova Turan, Nizami Qizi"]
[Result "1-0"]
[WhiteElo "2219"]
[BlackElo "1957"]
[PlyCount "93"]
[EventDate "2011.05.08"]
[SourceDate "2011.05.08"]

1. e4 c5 2. Nf3 e6 3. d4 cxd4 4. Nxd4 Nc6 5. Nb5 d6 6. c4 a6 7. N5c3 Be7 8. Be2
Nf6 9. O-O O-O 10. Be3 Qc7 11. Na3 b6 12. Rc1 Bb7 13. Nd5 exd5 14. cxd5 Qd7 15.
dxc6 Bxc6 16. Nc4 Rab8 17. Nxb6 Qb7 18. f3 Nd7 19. Nxd7 Bxd7 20. b3 Be6 21. Bc4
Rfd8 22. Qd3 Bxc4 23. Qxc4 Bf6 24. Rfd1 Rbc8 25. Qa4 g6 26. Rxc8 Qxc8 27. Rc1
Qb7 28. Rc6 a5 29. Bb6 Rc8 30. Rxc8+ Qxc8 31. Qc4 Qxc4 32. bxc4 Bc3 33. Kf2 Kf8
34. Ke3 Ke7 35. c5 dxc5 36. Bxc5+ Ke6 37. Kd3 Be5 38. g3 Bc7 39. Kc4 f5 40.
exf5+ gxf5 41. Kb5 h5 42. Bb6 Bb8 43. Bxa5 Ke5 44. Bb6 f4 45. a4 fxg3 46. hxg3
Kf5 47. Bf2 1-0

[Event "European Women Championship-2011"]
[Site "?"]
[Date "2011.05.08"]
[Round "2"]
[White "Vakhania, Alexandra"]
[Black "Soyunlu Narmin, Asat Qizi"]
[Result "1-0"]
[WhiteElo "2189"]
[BlackElo "1884"]
[PlyCount "125"]
[EventDate "2011.05.08"]
[SourceDate "2011.05.08"]

1. e4 e6 2. d3 d5 3. Nd2 c5 4. g3 Nc6 5. Bg2 Nge7 6. b3 d4 7. a4 g6 8. Nc4 Bg7
9. h4 h6 10. Nh3 O-O 11. h5 g5 12. f4 f6 13. Bd2 e5 14. Qe2 Be6 15. Nf2 Nc8 16.
Bh3 Qe7 17. O-O-O Nd6 18. Bxe6+ Qxe6 19. Qg4 Qe7 20. Nh3 Nxc4 21. bxc4 Kh8 22.
Rdf1 a6 23. a5 b5 24. axb6 Rab8 25. fxg5 fxg5 26. Kd1 Bf6 27. Ke2 Rxb6 28. Rf5
Nb4 29. Bxb4 cxb4 30. Rff1 a5 31. Ra1 Ra8 32. Rhf1 a4 33. Qf5 Qe6 34. Nf2 Rba6
35. Ng4 Qxf5 36. Rxf5 Kg7 37. Nxe5 Bxe5 38. Rxe5 Rf6 39. Rf5 Rxf5 40. exf5 Kf6
41. g4 a3 42. Rf1 Ke5 43. Kf3 Ra7 44. Re1+ Kf6 45. c5 Rc7 46. Re6+ Kg7 47. Rg6+
Kh7 48. Ra6 Rxc5 49. Ra7+ Kg8 50. Ke4 Rxc2 51. f6 a2 52. Kf5 b3 53. Kg6 Rc8 54.
Rg7+ Kf8 55. Rh7 Ke8 56. Rh8+ Kd7 57. Rxc8 a1=Q 58. Rb8 b2 59. f7 Qf1 60. Rxb2
Ke7 61. Rb7+ Ke6 62. Kg7 Qf6+ 63. Kg8 1-0

[Event "European Women Championship-2011"]
[Site "?"]
[Date "2011.05.08"]
[Round "2"]
[White "Tereladze, Sopiko"]
[Black "Khomeriki, Nino"]
[Result "1-0"]
[WhiteElo "2177"]
[BlackElo "1832"]
[PlyCount "159"]
[EventDate "2011.05.08"]
[SourceDate "2011.05.08"]

1. Nf3 b6 2. e4 e6 3. c4 Bb7 4. Qc2 c5 5. d4 cxd4 6. Nxd4 Nf6 7. Bd3 Bc5 8. Nb3
Nc6 9. Nxc5 bxc5 10. Nc3 O-O 11. Bg5 h6 12. Bh4 d5 13. exd5 Nb4 14. Qb1 exd5
15. O-O Nxd3 16. Qxd3 d4 17. Na4 Rc8 18. b3 Qd6 19. Rfe1 Qc6 20. f3 Rfe8 21.
Qf5 Nd7 22. Rad1 Re6 23. Rxe6 Qxe6 24. Qc2 Qe3+ 25. Qf2 Re8 26. Qxe3 Rxe3 27.
Rd2 f5 28. Bf2 Re6 29. Kf1 Bc6 30. Nb2 a5 31. Nd3 g5 32. a3 Bb7 33. b4 axb4 34.
axb4 cxb4 35. Nxb4 Rb6 36. Nd5 Bxd5 37. cxd5 Rd6 38. Rxd4 Nf6 39. Rb4 Rxd5 40.
Bd4 Kf7 41. Ke2 Rd6 42. g3 Ke6 43. Ra4 Rc6 44. Kd3 Nd7 45. Ra5 Rd6 46. Ke3 Rd5
47. Ra6+ Rd6 48. Ra8 Kd5 49. Ra5+ Kc4 50. Bg7 Re6+ 51. Kf2 Nc5 52. Ra2 Nd3+ 53.
Kf1 Nb4 54. Ra5 Nc2 55. Kf2 Ne3 56. Ra4+ Kd3 57. Rd4+ Kc2 58. Bxh6 Nd1+ 59.
Rxd1 Kxd1 60. Bxg5 Re2+ 61. Kg1 Kc2 62. h4 Kd3 63. h5 Rb2 64. h6 Rb7 65. Bf6
Ke3 66. Kg2 Rc7 67. Bg5+ Kd4 68. Kh3 Kd5 69. Bf4 Rc8 70. Kh4 Ke6 71. Kg5 Rg8+
72. Kh5 Rh8 73. Be3 Kf7 74. Bd4 Rh7 75. Bg7 Kg8 76. Kg5 Kf7 77. Kxf5 Kg8 78. g4
Kf7 79. g5 Kg8 80. g6 1-0

[Event "European Women Championship-2011"]
[Site "?"]
[Date "2011.05.08"]
[Round "2"]
[White "Trapaidze, Lizi"]
[Black "Gavasheli, Ana"]
[Result "0-1"]
[WhiteElo "1744"]
[BlackElo "2160"]
[PlyCount "74"]
[EventDate "2011.05.08"]
[SourceDate "2011.05.08"]

1. e4 d6 2. d4 e5 3. Nc3 exd4 4. Qxd4 Nc6 5. Qd1 g6 6. g3 Bg7 7. Bg2 Nf6 8.
Nge2 O-O 9. O-O Re8 10. h3 Nd7 11. g4 Nc5 12. Be3 f5 13. exf5 gxf5 14. Nd4 fxg4
15. Nxc6 Qh4 16. Nd4 gxh3 17. Bf3 Kh8 18. Kh1 Be5 19. Rg1 Bd7 20. Rg5 Rg8 21.
Rh5 Qf6 22. Ne4 Nxe4 23. Bxe4 Rg7 24. Nf5 Bxf5 25. Rxf5 Qh4 26. Qf3 h2 27. Rh5
Rag8 28. Bg5 Rxg5 29. Rxg5 Qxg5 30. Qd1 c6 31. c3 d5 32. Bf3 Qf4 33. Qd3 Rf8
34. Kg2 Qg5+ 35. Kh1 Rg8 36. Qd1 h5 37. Qf1 Qh4 0-1

[Event "European Women Championship-2011"]
[Site "?"]
[Date "2011.05.08"]
[Round "2"]
[White "Khazhomia, Salome"]
[Black "Ghukasyan, Siranush"]
[Result "1/2-1/2"]
[WhiteElo "2152"]
[BlackElo "1766"]
[PlyCount "88"]
[EventDate "2011.05.08"]
[SourceDate "2011.05.08"]

1. d4 d5 2. Nf3 c6 3. c4 e6 4. Nc3 dxc4 5. a4 Bb4 6. e3 b5 7. Bd2 a5 8. axb5
Bxc3 9. Bxc3 cxb5 10. b3 Bb7 11. bxc4 b4 12. Bb2 Nf6 13. Bd3 Nbd7 14. Qc2 O-O
15. O-O h6 16. e4 Nh7 17. Rfd1 Qe7 18. d5 Nc5 19. Bd4 Rfc8 20. Bxc5 Qxc5 21.
Nd2 e5 22. Ra4 Ra7 23. Nb3 Qc7 24. Rda1 Rca8 25. c5 Nf6 26. f3 Ne8 27. d6 Qd8
28. Bb5 Kf8 29. Kf1 Bc8 30. Qb2 f6 31. Bxe8 Kxe8 32. Qc2 Ra6 33. Qc4 Kf8 34. h3
Bb7 35. Qe6 Bc8 36. Qc4 R6a7 37. Nd2 Qd7 38. f4 Qe6 39. Qd3 exf4 40. Nb3 Bd7
41. Rxa5 Rxa5 42. Rxa5 Rxa5 43. Nxa5 Qa2 44. Nb3 Qb2 1/2-1/2

[Event "European Women Championship-2011"]
[Site "?"]
[Date "2011.05.08"]
[Round "2"]
[White "Gumberidze, Nino"]
[Black "Cherednichenko, Elena"]
[Result "0-1"]
[WhiteElo "1664"]
[BlackElo "2147"]
[PlyCount "124"]
[EventDate "2011.05.08"]
[SourceDate "2011.05.08"]

1. c4 Nf6 2. Nf3 e6 3. g3 b6 4. Bg2 Bb7 5. Nc3 Be7 6. O-O O-O 7. d4 d5 8. cxd5
exd5 9. Ne5 Re8 10. Bg5 Ne4 11. Bxe7 Rxe7 12. Nxe4 dxe4 13. Rc1 f6 14. Nc4 Rd7
15. e3 Bd5 16. Bh3 Re7 17. Qc2 Nd7 18. Nd2 Nf8 19. b3 Qe8 20. Nb1 Qh5 21. Nc3
Bb7 22. Bg2 Rae8 23. Qe2 Qa5 24. Qc4+ Kh8 25. Qa4 Qxa4 26. Nxa4 f5 27. Rc3 Ne6
28. Bh3 g6 29. Rfc1 Rf8 30. Bf1 Bd5 31. Bb5 g5 32. Bc6 Bxc6 33. Rxc6 Rff7 34.
Nc3 Nd8 35. Rc4 c6 36. Ne2 Kg7 37. Kf1 Rf6 38. Kg2 Kf8 39. b4 a6 40. a3 Rg7 41.
Kf1 Rd7 42. R4c2 Re7 43. Rc4 Ree6 44. R4c3 Nf7 45. a4 Kg7 46. R3c2 Nd8 47. Rc3
Rd6 48. Rc4 Rh6 49. Kg2 Ne6 50. Kg1 Nc7 51. R1c2 Nd5 52. Nc3 b5 53. axb5 axb5
54. Rc5 Nxb4 55. Rd2 Rhf6 56. d5 Nd3 57. Rxc6 Rxc6 58. dxc6 Rxc6 59. Nxb5 Rc1+
60. Kg2 Ne1+ 61. Kf1 Nf3+ 62. Kg2 Rg1+ 0-1

[Event "European Women Championship-2011"]
[Site "?"]
[Date "2011.05.08"]
[Round "2"]
[White "Zhorzholiani, Meri"]
[Black "Kakutia, Ada"]
[Result "1/2-1/2"]
[WhiteElo "2136"]
[BlackElo "1727"]
[PlyCount "93"]
[EventDate "2011.05.08"]
[SourceDate "2011.05.08"]

1. c4 Nf6 2. Nf3 e6 3. g3 b6 4. Bg2 Bb7 5. Nc3 Be7 6. O-O O-O 7. Re1 d5 8. cxd5
exd5 9. d4 Ne4 10. Ne5 Nd7 11. Nxe4 dxe4 12. Qc2 Nxe5 13. dxe5 Qd5 14. Rd1 Qxe5
15. Bf4 Qe6 16. Qxc7 Ba6 17. Qd7 Bxe2 18. Qxe6 fxe6 19. Rd7 Bf6 20. Bxe4 Rad8
21. Rxa7 Bxb2 22. Re1 Bc4 23. Bc7 Rd7 24. Bxb6 Rxa7 25. Bxa7 Bf6 26. a4 Bd8 27.
Rb1 Ba5 28. Bb6 Bxb6 29. Rxb6 Rd8 30. a5 Rd1+ 31. Kg2 Re1 32. Kf3 Ra1 33. Rb8+
Kf7 34. Ra8 Ra3+ 35. Kf4 Kf6 36. Bb7 Be2 37. Rf8+ Ke7 38. Rg8 Kf6 39. Rf8+ Ke7
40. Ra8 Kf6 41. Bg2 h5 42. h4 Bd3 43. Rf8+ Ke7 44. Rg8 Kf6 45. Rf8+ Ke7 46. Ra8
Kf6 47. Rf8+ 1/2-1/2

[Event "European Women Championship-2011"]
[Site "?"]
[Date "2011.05.08"]
[Round "2"]
[White "Mumladze, Maia"]
[Black "Novkovic, Julia"]
[Result "0-1"]
[WhiteElo "1517"]
[BlackElo "2120"]
[PlyCount "90"]
[EventDate "2011.05.08"]
[SourceDate "2011.05.08"]

1. d4 Nf6 2. Nf3 g6 3. c4 Bg7 4. Nc3 O-O 5. e4 d6 6. h3 e5 7. d5 Nh5 8. Bd3 f5
9. O-O f4 10. Kh2 Nd7 11. b4 a5 12. b5 Rf7 13. g3 Bf6 14. g4 Ng7 15. Rg1 Nc5
16. Bc2 h6 17. Na4 Nxa4 18. Bxa4 b6 19. Bc2 Ne8 20. a4 Rh7 21. Bd3 Qe7 22. Bd2
Bd7 23. Qe2 Ng7 24. Bc3 Kf7 25. Kg2 h5 26. Kf1 hxg4 27. hxg4 Bg5 28. Ke1 Rah8
29. Kd2 Rh4 30. Nxg5+ Qxg5 31. f3 Ne8 32. Qf2 Rh2 33. Rg2 R2h3 34. Kc2 Nf6 35.
Be2 Bxg4 36. Rxg4 Qxg4 37. fxg4 Rxc3+ 38. Kb2 Rhh3 39. Rc1 Rb3+ 40. Kc2 Rbe3
41. Bf1 Nxg4 42. Qg1 Rh2+ 43. Qxh2 Nxh2 44. Bd3 Nf3 45. Rh1 Ne1+ 0-1

[Event "European Women Championship-2011"]
[Site "?"]
[Date "2011.05.08"]
[Round "2"]
[White "Fataliyeva Ulviyya, Hasil Qizi"]
[Black "Tedoshvili, Ana"]
[Result "1-0"]
[WhiteElo "2105"]
[BlackElo "1469"]
[PlyCount "57"]
[EventDate "2011.05.08"]
[SourceDate "2011.05.08"]

1. e4 c5 2. Nf3 d6 3. d4 cxd4 4. Nxd4 Nf6 5. Nc3 a6 6. Be2 e5 7. Nb3 Be6 8. Be3
Be7 9. Nd5 Bxd5 10. exd5 Nbd7 11. c4 Rc8 12. O-O O-O 13. Rc1 h6 14. Kh1 Nh7 15.
f4 Bf6 16. Qd2 exf4 17. Bxf4 Ne5 18. Nd4 Bg5 19. Nf5 Qd7 20. Bxg5 Nxg5 21. Qf4
Rfd8 22. c5 Ng6 23. Qd4 f6 24. Nxd6 Rb8 25. Bg4 Qc7 26. Nf5 Qf7 27. Bh5 Ne6 28.
dxe6 Qxe6 29. Qg4 1-0

[Event "European Women Championship-2011"]
[Site "?"]
[Date "2011.05.08"]
[Round "2"]
[White "Bulmaga, Irina"]
[Black "Jalabadze, Natia"]
[Result "1-0"]
[WhiteElo "2284"]
[BlackElo "2052"]
[PlyCount "59"]
[EventDate "2011.05.08"]
[SourceDate "2011.05.08"]

1. e4 c5 2. Nf3 Nf6 3. e5 Nd5 4. Nc3 Nxc3 5. dxc3 e6 6. Bf4 Nc6 7. Qd2 b6 8.
Bd3 Bb7 9. O-O-O h6 10. h4 Qc7 11. Be4 O-O-O 12. h5 Na5 13. Qe2 Bxe4 14. Qxe4
Nb7 15. c4 Qc6 16. Qxc6+ dxc6 17. Rxd8+ Kxd8 18. Rh3 g5 19. hxg6 fxg6 20. Bg5+
Ke8 21. Bf6 Rg8 22. Nd2 h5 23. Ne4 Be7 24. g4 Na5 25. b3 b5 26. gxh5 gxh5 27.
Rxh5 Bf8 28. Rh7 Rg1+ 29. Kd2 bxc4 30. Nd6+ 1-0

[Event "European Women Championship-2011"]
[Site "?"]
[Date "2011.05.08"]
[Round "2"]
[White "Bokuchava, Madona"]
[Black "Javakhishvili, Mariam"]
[Result "1-0"]
[WhiteElo "2115"]
[BlackElo "1491"]
[PlyCount "61"]
[EventDate "2011.05.08"]
[SourceDate "2011.05.08"]

1. d4 d5 2. c4 e6 3. Nc3 Nf6 4. cxd5 exd5 5. Bg5 Be7 6. e3 O-O 7. Bd3 h6 8. Bh4
b6 9. Nge2 Bb7 10. O-O Ne4 11. Bxe7 Qxe7 12. Rc1 Nxc3 13. Rxc3 Na6 14. Ng3 Nb4
15. Nf5 Qf6 16. Rxc7 Rab8 17. Qb3 Nxd3 18. Qxd3 Rfe8 19. Rfc1 Qd8 20. Qa3 a6
21. Qd6 Qg5 22. Qd7 Rf8 23. Ne7+ Kh8 24. Rxb7 Rbd8 25. Qf5 Qxf5 26. Nxf5 b5 27.
Rcc7 Kg8 28. Ne7+ Kh8 29. Rd7 Rxd7 30. Rxd7 Re8 31. Nxd5 1-0

[Event "European Women Championship-2011"]
[Site "Tbilisi"]
[Date "2011.05.09"]
[Round "3"]
[White "Danielian Elina"]
[Black "Khurtsidze Nino"]
[Result "1-0"]
[WhiteElo "2506"]
[BlackElo "2436"]
[PlyCount "119"]
[EventDate "2011.??.??"]

1. Nf3 d5 2. d4 Nf6 3. c4 e6 4. Nc3 Bb4 5. cxd5 exd5 6. Bg5 O-O 7. Rc1 c6 8. e3
Nbd7 9. Bd3 Re8 10. O-O Bd6 11. Qc2 Nf8 12. h3 Ng6 13. e4 dxe4 14. Nxe4 Be7 15.
Bxf6 Bxf6 16. Rfe1 Be6 17. Nc5 Bd5 18. Rxe8+ Qxe8 19. Re1 Qd8 20. Be4 Bxe4 21.
Rxe4 Qc7 22. Qb3 b6 23. Nd3 Rd8 24. Qc4 Qd6 25. Nde5 Bxe5 26. dxe5 Qe6 27. Qxe6
fxe6 28. Nd4 c5 29. Nxe6 Rd1+ 30. Kh2 Rd2 31. f4 Nh4 32. Kg3 Nf5+ 33. Kf3 Rxb2
34. g4 Ne7 35. Re1 Rd2 36. f5 h6 37. a4 Kf7 38. a5 g6 39. axb6 axb6 40. Ke4
gxf5+ 41. gxf5 Rb2 42. Nc7 Rb4+ 43. Kf3 Nxf5 44. e6+ Kf8 45. Nd5 Nd4+ 46. Ke4
Nc2+ 47. Nxb4 Nxe1 48. Nd5 Nc2 49. Ke5 Nb4 50. Nxb6 Ke7 51. Nc8+ Ke8 52. Nd6+
Kd8 53. Nf5 Kc7 54. Ne3 Nc6+ 55. Kf6 Kd6 56. h4 h5 57. Nc4+ Kd5 58. Na5 Ne5 59.
e7 Ng4+ 60. Kg5 1-0

[Event "European Women Championship-2011"]
[Site "Tbilisi"]
[Date "2011.05.09"]
[Round "3"]
[White "Cmilyte Viktorija"]
[Black "Paikidze Nazi"]
[Result "1-0"]
[WhiteElo "2504"]
[BlackElo "2408"]
[PlyCount "79"]
[EventDate "2011.??.??"]

1. c4 e6 2. Nc3 d5 3. d4 Bb4 4. e3 Nf6 5. a3 Bxc3+ 6. bxc3 c5 7. cxd5 exd5 8.
Bd3 O-O 9. Ne2 b6 10. O-O Ba6 11. f3 Re8 12. Ng3 Qc8 13. Bxa6 Nxa6 14. Ra2 Nc7
15. a4 Qb7 16. Re2 Rad8 17. Qb3 Ne6 18. Bb2 h5 19. Qc2 Rc8 20. Qd2 cxd4 21.
cxd4 g6 22. e4 h4 23. e5 hxg3 24. exf6 gxh2+ 25. Kh1 Qc7 26. f4 Qd8 27. Re5
Qxf6 28. Rxd5 Ng7 29. Rg5 Nf5 30. Rf3 Re4 31. Rd3 Rc4 32. d5 Nd4 33. Rg4 Rxa4
34. Re3 Qf5 35. Rxe4 Qxe4 36. Qd1 Nf5 37. d6 Nxd6 38. Rh4 f6 39. Bxf6 Rb4 40.
Qxd6 1-0

[Event "European Women Championship-2011"]
[Site "Tbilisi"]
[Date "2011.05.09"]
[Round "3"]
[White "Milliet Sophie"]
[Black "Kosintseva Tatiana"]
[Result "1/2-1/2"]
[WhiteElo "2388"]
[BlackElo "2559"]
[PlyCount "102"]
[EventDate "2011.??.??"]

1. e4 e5 2. Nf3 Nc6 3. Bc4 Bc5 4. c3 Nf6 5. d3 O-O 6. Bg5 h6 7. Bh4 Be7 8. Nbd2
d6 9. Bb3 Nh5 10. Bxe7 Qxe7 11. Nc4 Nf4 12. Ne3 Be6 13. O-O Qf6 14. g3 Ng6 15.
Nd2 Qg5 16. Bxe6 fxe6 17. Qb3 Nd8 18. Kh1 c6 19. d4 Qe7 20. dxe5 dxe5 21. Qd1
Nf7 22. Qg4 Rad8 23. Rad1 Qf6 24. h4 Ne7 25. Kg2 b6 26. Nb3 Kh7 27. Rxd8 Rxd8
28. Qf3 c5 29. Rd1 Qxf3+ 30. Kxf3 Rxd1 31. Nxd1 Nd6 32. Nd2 Kg6 33. Ne3 Nc6 34.
Ndc4 Nf7 35. a4 Kf6 36. Nc2 h5 37. Ne1 g5 38. hxg5+ Kxg5 39. Ke3 Kf6 40. Nd3
Nh8 41. a5 b5 42. Nd6 c4 43. Nc5 Nxa5 44. Nxb5 Ke7 45. f4 Nc6 46. f5 exf5 47.
exf5 Nf7 48. Ke4 Kf6 49. Nd7+ Ke7 50. Nc5 Kf6 51. Nd7+ Ke7 1/2-1/2

[Event "European Women Championship-2011"]
[Site "Tbilisi"]
[Date "2011.05.09"]
[Round "3"]
[White "Dzagnidze Nana"]
[Black "Lomineishvili Maia"]
[Result "1/2-1/2"]
[WhiteElo "2557"]
[BlackElo "2376"]
[PlyCount "59"]
[EventDate "2011.??.??"]

1. d4 Nf6 2. c4 e6 3. Nc3 Bb4 4. e3 O-O 5. Nge2 d5 6. a3 Bd6 7. c5 Be7 8. b4 c6
9. Nf4 b6 10. Nd3 a5 11. Bb2 Ba6 12. Be2 Nbd7 13. O-O Qc7 14. Qc2 Bxd3 15. Qxd3
axb4 16. axb4 bxc5 17. bxc5 e5 18. Rxa8 Rxa8 19. Ra1 Rxa1+ 20. Bxa1 exd4 21.
exd4 Nf8 22. Nd1 Ne6 23. g3 Ne4 24. Qa6 Bf6 25. Kg2 h6 26. f3 Nd2 27. Qa2 Nc4
28. Bxc4 dxc4 29. Qxc4 Qd7 30. Nf2 1/2-1/2

[Event "European Women Championship-2011"]
[Site "Tbilisi"]
[Date "2011.05.09"]
[Round "3"]
[White "Charkhalashvili Inga"]
[Black "Muzychuk Anna"]
[Result "1/2-1/2"]
[WhiteElo "2373"]
[BlackElo "2537"]
[PlyCount "112"]
[EventDate "2011.??.??"]

1. d4 Nf6 2. Nf3 e6 3. g3 b5 4. Bg2 Bb7 5. O-O c5 6. c3 Be7 7. Nbd2 O-O 8. dxc5
Bxc5 9. Nb3 Be7 10. Nbd4 b4 11. cxb4 Bxb4 12. Bd2 a5 13. Bxb4 axb4 14. Qd2 Na6
15. Rfc1 Qb6 16. Ne5 Bxg2 17. Kxg2 Rfc8 18. Nc4 Qb8 19. Qf4 Qxf4 20. gxf4 Kf8
21. Nd6 Rc5 22. Rxc5 Nxc5 23. Rc1 Na4 24. Rc2 Nb6 25. b3 Ke7 26. N6b5 Nfd5 27.
Kf3 f5 28. e3 Nc8 29. a4 bxa3 30. Ra2 Nd6 31. Rxa3 Rxa3 32. Nxa3 Ne4 33. Nc4
Nb4 34. Ke2 h6 35. h4 Kf6 36. Ne5 Nc5 37. Nb5 g5 38. hxg5+ hxg5 39. Kf3 gxf4
40. exf4 Ke7 41. Nd4 Nd5 42. Ng6+ Kd6 43. Nb5+ Kc6 44. Nd4+ Kb6 45. Ne5 Ka5 46.
Nxd7 Nxd7 47. Nxe6 Ne7 48. Ng7 Nf6 49. Kg3 Kb6 50. Kh4 Ne4 51. f3 Nd6 52. Kg5
Kc6 53. b4 Kd5 54. b5 Kc5 55. Kf6 Nd5+ 56. Ke5 Nxb5 1/2-1/2